000 00676nam a2200265Ia 4500
005 20260121172845.0
008 008 260114s9999 xx 000 0 eng d
020 _a9789811635335
037 _aEBOOK
040 _aCRL
040 _beng
040 _cCRL
041 _2eng
041 _aeng
084 _qCRL
100 _aJonathan Paquette, Aurélie Lacassagne, Christophe Alcantara
_91093611
245 0 _aCultural Roads and Itineraries
260 _bSpringer
260 _bSpringer
260 _c2021
856 _uhttps://link.springer.com/openurl?genre=book&isbn=978-981-16-3533-5
942 _cEBOOK
999 _c1659353
_d1659353